Normal view
MARC view
- Richard Turton, Richard C. Bailie, Wallace B. Whiting, Joseph A. Shaeiwitz
Entry Personal Name
001 - CONTROL NUMBER
- control field: 127210
003 - CONTROL NUMBER IDENTIFIER
- control field: NUST
005 - DATE AND TIME OF LATEST TRANSACTION
- control field: 20241220110528.0
008 - FIXED-LENGTH DATA ELEMENTS
- fixed length control field: 241220|| aca||aabn | a|a d
040 ## - CATALOGING SOURCE
- Original cataloging agency: NUST
- Transcribing agency: NUST
100 ## - HEADING--PERSONAL NAME
- Personal name: Richard Turton, Richard C. Bailie, Wallace B. Whiting, Joseph A. Shaeiwitz
670 ## - SOURCE DATA FOUND
- Source citation: Work cat.: (NUST)560014: Richard Turton, Richard C. Bailie, Wallace B. Whiting, Joseph A. Shaeiwitz, Analysis, synthesis, and design of chemical processes /, 1997
